| 000 | 00729nam a22001815i 4500 | ||
|---|---|---|---|
| 001 | 155006 | ||
| 003 | ES-MaACL | ||
| 005 | 20230906205929.0 | ||
| 008 | 011026s1892 sp |||| | spa d | ||
| 040 |
_aCCPB | B _bspa _cCCPB | B |
||
| 100 | 1 |
_aGutiérrez Jiménez, Federico. _9127657 |
|
| 245 | 1 | 0 |
_aDiscurso leído en la solemne apertura del curso académico de 1892 a 1893 en la Universidad Literaria de Granada / _cpor Federico Gutiérrez Jiménez. |
| 260 |
_aGranada : _b[s.n.], _c1892 ( _fimprenta de Indalecio Ventura) |
||
| 300 |
_a51 p. ; _c30 cm. |
||
| 597 | 1 | _aPort. con esc. xil. | |
| 710 | 2 |
_aUniversidad Literaria de Granada. _9153703 |
|
| 852 |
_aES-MaACL _jT-657-F-6 _z-- Enc. hol. _z-- Enc. en un vol. facticio |
||
| 999 |
_c155006 _d155006 |
||